Családi vállalkozások válaszai a globalizáció kihívásaira – Stratégiai alkalmazkodás és versenyképesség a magyar piacon

Bibliográfiai részletek
Szerző: Bódi Richárd László
További közreműködők: Vágány Dr. Judit Bernadett
Dokumentumtípus: Diplomadolgozat
Kulcsszavak:családi vállalkozás
generációváltás
globalizáció
innováció
versenyképesség
Online Access:http://dolgozattar.uni-bge.hu/60222

MARC

LEADER 00000nta a2200000 i 4500
001 dolg60222
005 20260409150145.0
008 260409suuuu hu om 000 hun d
040 |a BGE Dolgozattár Repozitórium  |b hun 
041 |a hu 
100 1 |a Bódi Richárd László 
245 1 0 |a Családi vállalkozások válaszai a globalizáció kihívásaira – Stratégiai alkalmazkodás és versenyképesség a magyar piacon  |c Bódi Richárd László  |h [elektronikus dokumentum] 
520 3 |a A dolgozat központi témája a családi vállalkozások alkalmazkodása a globalizáció kihívásaihoz. A szerző azt vizsgálja, hogyan tudják ezek a cégek megőrizni versenyképességüket a változó gazdasági környezetben.A munka két pillérre épül: primer kutatásra és szekunder elemzésre. Félig strukturált interjúk készültek családi vállalkozásokat vezetőkkel. Emellett tudományos tanulmányok, statisztikák és piaci jelentések is feldolgozásra kerültek.Az eredmények nyolc fő téma köré szerveződtek. Ilyen például a digitalizáció, az innováció, a generációváltás és a nemzetközi piacokra való nyitás. A válaszokból kiderült, hogy a családi cégek nagy előnye a gyorsaság, a rugalmasság és a személyes ügyfélkapcsolat.Ugyanakkor kihívást jelent a túlzott hagyományőrzés és a finanszírozási korlátok. A siker kulcsa a hagyományok megőrzése mellett az újításokra való nyitottság.A dolgozat célja, hogy bemutassa: a családi vállalkozások hogyan találják meg az egyensúlyt a múlt értékei és a jövő kihívásai között. 
695 |a családi vállalkozás 
695 |a generációváltás 
695 |a globalizáció 
695 |a innováció 
695 |a versenyképesség 
700 1 |a Vágány Dr. Judit Bernadett  |e ths 
856 4 0 |u http://dolgozattar.uni-bge.hu/60222/1/FINALthesis%20RICHARD%20bodi.pdf  |z Dokumentum-elérés 
856 4 0 |u http://dolgozattar.uni-bge.hu/60222/2/B%C3%B3di%20Rich%C3%A1rd%20L%C3%A1szl%C3%B3_EKGSz.pdf  |z Dokumentum-elérés 
856 4 0 |u http://dolgozattar.uni-bge.hu/60222/3/Bodi_Richard_lektori_velemeny_VJ.pdf  |z Dokumentum-elérés